| 000 | 00610nam a22001697a 4500 | ||
|---|---|---|---|
| 003 | OSt | ||
| 005 | 20260319121246.0 | ||
| 008 | 260319b |||||||| |||| 00| 0 eng d | ||
| 040 | _cMRSPTU | ||
| 041 | _aEnglish | ||
| 100 | _aSimran, Supervisor: Dr. Varinder Singh | ||
| 245 | _aInvestigating the Beneficial Role of Polyphenols against Maternal Separation Stress Induced Neurological Dysfunction in Mice | ||
| 260 |
_bDepartment of Pharmacy, MRSPTU, Bathinda _c2025 |
||
| 650 | _aPharmaceutical Sciences and Technology | ||
| 856 | _uhttp://163.47.215.52:8080/jspui/handle/123456789/960 | ||
| 942 |
_2ddc _cTH _n0 |
||
| 999 |
_c11198 _d11198 |
||